[Event "Buenos Aires ol (Men)"]
[Site "Buenos Aires"]
[Date "1978.??.??"]
[Round "?"]
[White "Olafsson, Fridrik"]
[Black "Gheorghiu, Florin"]
[Result "1/2-1/2"]
[WhiteElo "2530"]
[BlackElo "2520"]

1.Nf3 c5 2.c4 Nf6 3.Nc3 b6 4.e4 d6 5.d4 cxd4 6.Nxd4 Bb7 7.Bd3 e6 8.O-O Be7
9.b3 O-O 10.Bb2 Nc6 11.Nxc6 Bxc6 12.Bc2 a6 13.Qd3 g6 14.Rfe1 Re8 15.Re2 Bf8
16.Rd1 Qc7 17.a4 Nd7 18.Qg3 a5 19.h4 Nc5 20.h5 e5 21.Bc1 Rad8 22.Nd5 Bxd5
23.cxd5 Bg7 24.Qh4  1/2-1/2

[Event "Buenos Aires ol (Men)"]
[Site "Buenos Aires"]
[Date "1978.??.??"]
[Round "?"]
[White "Vaganian, Rafael A"]
[Black "Pytel, Krzysztof"]
[Result "1-0"]
[WhiteElo "2570"]
[BlackElo "2390"]

1.Nf3 Nf6 2.c4 c5 3.Nc3 b6 4.e4 Bb7 5.e5 Ng4 6.h3 Nh6 7.d4 cxd4 8.Nxd4 e6
9.Bf4 a6 10.Nf3 f5 11.g3 Nf7 12.Bg2 Be7 13.O-O O-O 14.Re1 Nc6 15.h4 h6 16.h5 Ng5
17.Nh4 Rf7 18.Ng6 Bc5 19.Be3 Qc7 20.Bxc5 bxc5 21.f4 Nd4 22.fxg5 Bxg2 23.Kxg2 Qb7+
24.Kf2 f4 25.gxf4 Raf8 26.Re4 Qxb2+ 27.Ne2 Rb8 28.gxh6 Nc2 29.Rc1 Nb4 30.Rc3 Qxa2
31.hxg7 Kxg7 32.Ree3 Nc6 33.Rb3 Rb4 34.Rg3 Kh6 35.Rxb4 Nxb4 36.Nf8 Rxf4+
37.Kg1 Rxf8 38.Rg6+ Kxh5 39.Nf4+ Kh4 40.Qg4+  1-0

[Event "Buenos Aires ol (Men)"]
[Site "Buenos Aires"]
[Date "1978.??.??"]
[Round "?"]
[White "Suba, Mihai"]
[Black "Tringov, Georgi P"]
[Result "1/2-1/2"]
[WhiteElo "2430"]
[BlackElo "2480"]

1.c4 Nf6 2.Nc3 c5 3.Nf3 e6 4.g3 b6 5.Bg2 Bb7 6.O-O d6 7.b3 Nbd7 8.Bb2 Be7
9.Re1 O-O 10.e4 a6 11.d4 cxd4 12.Nxd4 Qc7 13.Qe2 Rfe8 14.Nc2 Rac8 15.h3 Nc5
16.Kh2 Qb8 17.f4 h6 18.b4 Ncd7 19.a3 Qc7 20.Ne3 Bc6 21.Rac1 Qb8 22.Nc2 Bb7
23.Qd3 Qa8 24.Re2 Red8 25.Rf1 Qb8 26.Ne3 Bc6 27.Nc2 Bb7 28.Bf3 Qc7 29.Ne3 Nh7
30.Kg2 Nhf6 31.Rc2 Qb8 32.h4 h5 33.Rfc1 Bc6 34.Ncd1 b5 35.Nf2 bxc4 36.Qxc4 Bb7
37.Qd4 Rxc2 38.Rxc2 e5 39.Qd2 Bf8 40.Nd5 Nxd5 41.exd5 Nf6 42.Kh2 Re8 43.Qd3 exf4
44.gxf4 Qd8 45.Kg3 Bc8 46.Qd4 Qd7 47.Qd3 Qd8 48.Qd2 Qd7 49.Qd3 Qd8 50.a4 Ng4
51.Ne4 Bf5 52.Qd4 Qd7 53.Bxg4 Rxe4 54.Qxe4 hxg4 55.Qc4 Qxa4 56.Rd2 a5 57.h5 axb4
58.h6 gxh6 59.Re2 Bg7 60.Bxg7 Qa3+ 61.Kf2 Qf3+ 62.Ke1 Kxg7 63.Qxb4 Qxd5 64.Qc3+ Kg6
65.Qh8 Qh1+ 66.Kd2 Qd5+ 67.Ke1 Qh1+ 68.Kd2 Be6 69.Rxe6+ fxe6 70.Qe8+ Kf6
71.Qf8+ Kg6 72.Qe8+ Kf5 73.Qf7+ Ke4 74.Qxe6+ Kxf4 75.Qxd6+ Kg5 76.Qe7+ Kh5
77.Qf7+ Kh4 78.Qf6+ Kg3 79.Qd6+ Kf2 80.Qb6+ Kf1 81.Qa6+  1/2-1/2

[Event "Buenos Aires ol (Men)"]
[Site "Buenos Aires"]
[Date "1978.??.??"]
[Round "?"]
[White "Robatsch, Karl"]
[Black "Emma, Jaime"]
[Result "1-0"]
[WhiteElo "2430"]
[BlackElo "2390"]

1.c4 Nf6 2.Nc3 c5 3.Nf3 g6 4.e4 d6 5.d4 Na6 6.Be2 Bg7 7.O-O O-O 8.Re1 cxd4
9.Nxd4 Nc5 10.Bf1 Bd7 11.b3 a6 12.Bb2 Rb8 13.b4 Ne6 14.Nd5 Ne8 15.Rc1 Bc6
16.a3 Nxd4 17.Bxd4 Bxd4 18.Qxd4 e5 19.Qb6 Qxb6 20.Nxb6 Nc7 21.c5 Rbd8 22.Nc4 dxc5
23.Nxe5 Bb5 24.Rxc5 Ne6 25.Rd5 Nf4 26.Rxd8 Rxd8 27.Bxb5 axb5 28.g3 Ne6 29.Re3 f6
30.Nf3 Kf7 31.h4 h6 32.Kg2 Ke7 33.Rc3 g5 34.hxg5 hxg5 35.Nh2 Rd4 36.Kf3 Rd1
37.Ke2 Ra1 38.Rd3 Ra2+ 39.Ke3 Nd8 40.Ng4 Nc6 41.f4 gxf4+ 42.gxf4 Ra1 43.Kf2 Ra2+
44.Kg3 Ke6 45.Ne3  1-0

[Event "Buenos Aires ol (Men)"]
[Site "Buenos Aires"]
[Date "1978.??.??"]
[Round "?"]
[White "Schmidt, Wlodzimierz"]
[Black "Gligoric, Svetozar"]
[Result "1/2-1/2"]
[WhiteElo "2505"]
[BlackElo "2565"]

1.Nf3 Nf6 2.c4 c5 3.Nc3 e6 4.g3 b6 5.Bg2 Bb7 6.O-O Be7 7.d4 cxd4 8.Qxd4 O-O
9.Rd1 d6 10.b3 Nbd7 11.Bb2 a6 12.Ng5 Bxg2 13.Kxg2 Qc7 14.Nge4 Rfd8 15.f3 Nc5
16.Rac1 Qb7 17.Nxf6+ Bxf6 18.Qd2 d5 19.cxd5 exd5 20.e3 d4 21.exd4 Bxd4 22.b4 Ne6
23.Ne4 h6 24.Bxd4 Rxd4 25.Qc3 Rad8 26.Rxd4 Rxd4 27.Rc2 Qd5 28.Rd2 Rxd2+ 29.Qxd2 Nd4
30.g4 a5 31.bxa5 bxa5 32.Kf2 Qc4 33.h4 a4 34.h5 a3 35.Nc3 Ne6 36.Ne4 Qc7
37.Qd6 Qa7+ 38.Kg2 Qe3 39.Nf2 Qc3 40.Qb8+ Nf8 41.Qd6 Qb2 42.Qd5 g5 43.hxg6 Nxg6
44.Qc4 Qd2 45.Qc8+ Kg7 46.Qc4 Nf4+ 47.Kg3 Ne2+ 48.Kg2 Qe1 49.f4 Qd2 50.Kf3 Nd4+
51.Ke4 Qxf2 52.Qxd4+ Qxd4+ 53.Kxd4 f5 54.gxf5 Kf6  1/2-1/2

[Event "Buenos Aires ol (Men)"]
[Site "Buenos Aires"]
[Date "1978.??.??"]
[Round "?"]
[White "Verduga, Denis Homero"]
[Black "Pritchett, Craig William"]
[Result "1/2-1/2"]
[WhiteElo "2355"]
[BlackElo "2405"]

1.c4 c5 2.Nf3 Nf6 3.Nc3 e6 4.g3 b6 5.Bg2 Bb7 6.O-O Be7 7.d4 cxd4 8.Qxd4 O-O
9.Rd1 d6 10.h3 a6 11.Be3 Nbd7 12.Ng5 Bxg2 13.Kxg2 h6 14.Nge4 Ne8 15.f4 f5
16.Nf2 Qc7 17.Rac1 Nef6 18.Kh2 Rac8 19.b3 Rfe8 20.Rg1 Bf8 21.g4 fxg4 22.Nxg4 Nxg4+
23.Rxg4 Kh8 24.Rg6 e5 25.Qd2 exf4 26.Bd4 Ne5 27.Nd5 Qf7 28.Rgg1 b5 29.Nxf4 bxc4
30.Bxe5 dxe5 31.Ng6+ Kh7 32.bxc4 Bc5 33.e3 Rcd8 34.Qe2 Rd6 35.Rcf1 Rf6 36.Rxf6 Qxf6
37.h4 e4 38.h5 Rb8 39.Kh3 Rb2 40.Qg4 Qf2 41.Rg2 Qxg2+ 42.Qxg2 Rxg2 43.Kxg2 Bxe3
44.Ne7 Bg5 45.Nd5 Kg8 46.Nc3 e3 47.Kf3 Kf7 48.Nd5 g6 49.hxg6+ Kxg6 50.c5 Kf7
51.c6 Ke6 52.Nc7+ Kd6 53.Nxa6 Kxc6 54.Nb4+ Kc5 55.Nc2 Kc4 56.Nxe3+  1/2-1/2

[Event "Clarin"]
[Site "Buenos Aires"]
[Date "1978.??.??"]
[Round "1"]
[White "Garcia Palermo, Carlos"]
[Black "Vaganian, Rafael A"]
[Result "0-1"]
[WhiteElo "2385"]
[BlackElo "2555"]

1.c4 c5 2.Nf3 Nf6 3.Nc3 d5 4.cxd5 Nxd5 5.e3 Nxc3 6.bxc3 g6 7.d4 Bg7 8.Be2 O-O
9.O-O Qc7 10.a4 Rd8 11.Ba3 Nd7 12.Qb3 b6 13.Rfd1 Bb7 14.Rab1 e6 15.a5 Bc6
16.Bb5 Qb7 17.Bxc6 Qxc6 18.h3 Rdc8 19.axb6 axb6 20.dxc5 bxc5 21.c4 Nf8 22.Qd3 Qa4
23.Bc1 Rcb8 24.Bd2 Rb2 25.Be1 Qa2 26.Rxb2 Qxb2 27.Rb1 Qa2 28.Rb5 Ra3 29.Qb1 Qxc4
30.Nd2 Qe2  0-1

[Event "Clarin-B"]
[Site "Buenos Aires"]
[Date "1978.??.??"]
[Round "6"]
[White "Garcia, Raimundo"]
[Black "Paglilla, Carlos"]
[Result "1/2-1/2"]
[WhiteElo "2435"]
[BlackElo "2275"]

1.Nf3 Nf6 2.c4 c5 3.Nc3 e6 4.g3 Nc6 5.Bg2 d5 6.cxd5 Nxd5 7.O-O Be7 8.d4 O-O
9.e4 Nxc3 10.bxc3 b6 11.Be3 cxd4 12.cxd4 Ba6 13.Re1 Bb4 14.Bd2 Bxd2 15.Qxd2 Rc8
16.Rad1 Na5 17.d5 exd5 18.exd5 Nc4 19.Qd4 Nd6 20.Ne5 Rc7 21.Nc6 Qf6 22.Qb4 g6
23.Rd4 Nf5 24.Rde4 Kg7 25.h4 Bb7 26.Rf4 Bxc6 27.dxc6 Rd8 28.Qa3 Rd4 29.Re8 Qd6
30.Qc3 Qf6 31.Qa3 Qd6 32.Qc3 Qf6 33.Kh2 h5 34.Be4 Rd6 35.Qf3 Re6 36.Bxf5 Rxe8
37.Bd7 Qe7 38.Bxe8 Qxe8 39.Rc4 Qe6 40.Qc3+ Qf6 41.Qc2 b5 42.Rc5 a6 43.Kg1 Qa1+
44.Kg2 Qd4 45.Qc1 Kg8 46.Kg1 Qe4 47.Kh2 Qd4  1/2-1/2

[Event "Clarin"]
[Site "Buenos Aires"]
[Date "1978.??.??"]
[Round "7"]
[White "Quinteros, Miguel A"]
[Black "Qi Jingxuan"]
[Result "0-1"]
[WhiteElo "2480"]
[BlackElo "2200"]

1.c4 Nf6 2.Nc3 e6 3.Nf3 c5 4.g3 Nc6 5.Bg2 Be7 6.O-O O-O 7.d4 cxd4 8.Nxd4 Qa5
9.Nc2 a6 10.Bd2 Qc7 11.e4 d6 12.b3 Rb8 13.a4 b6 14.f4 Re8 15.Rb1 Bb7 16.g4 d5
17.exd5 exd5 18.g5 d4 19.gxf6 dxc3 20.Bxc3 Bxf6 21.Bxf6 gxf6 22.Qg4+ Kh8
23.Qh4 Re6 24.Rf3 f5 25.Rh3 h6 26.Re1 Rg6 27.Rg3 Rbg8 28.Rd1 Ne7 29.Bxb7 Qxb7
30.Kf2 Qe4 31.Ne3 Re6 32.Rd7 Rg4 33.Qh5 Rxg3 34.hxg3 Qxe3+ 35.Kg2 Qe4+ 36.Kh2 Qe1
37.Rxe7 Rxe7 38.Qxh6+ Kg8 39.Qg5+ Kf8 40.Qh6+ Ke8  0-1

[Event "Clarin"]
[Site "Buenos Aires"]
[Date "1978.??.??"]
[Round "12"]
[White "Garcia Palermo, Carlos"]
[Black "Szmetan, Jorge"]
[Result "0-1"]
[WhiteElo "2385"]
[BlackElo "2420"]

1.c4 c5 2.Nf3 Nf6 3.Nc3 e6 4.g3 b6 5.Bg2 Bb7 6.O-O Be7 7.d4 cxd4 8.Qxd4 d6
9.Rd1 O-O 10.b3 Nbd7 11.Bb2 a6 12.Qe3 Qc7 13.Nd4 Bxg2 14.Kxg2 Ne5 15.f4 Qb7+
16.Nf3 Neg4 17.Qd2 Ne4 18.Nxe4 Qxe4 19.Bd4 b5 20.Qd3 Qb7 21.Rac1 e5 22.fxe5 dxe5
23.Qf5 exd4 24.Qxg4 Bf6 25.c5 Qd5 26.e4 Qc6 27.Nxd4 Bxd4 28.Rxd4 f5 29.Qf3 fxe4
30.Qxe4 Qh6 31.Re1 Kh8 32.Rd6 Qh5 33.Qd5 Qg4 34.h3 Qb4 35.Re2 Qc3 36.c6 h6
37.Qd4 Qf3+ 38.Kg1 Qf1+ 39.Kh2 Qxe2+  0-1

[Event "URS-ch sf"]
[Site "Daugavpils"]
[Date "1978.??.??"]
[Round "?"]
[White "Palatnik, Semon"]
[Black "Gofshtein, Leonid D"]
[Result "1-0"]
[WhiteElo "2490"]
[BlackElo "2400"]

1.c4 Nf6 2.Nc3 c5 3.Nf3 d5 4.cxd5 Nxd5 5.d4 cxd4 6.Qxd4 e6 7.e4 Nxc3 8.Qxc3 Bd7
9.Be2 Na6 10.O-O Rc8 11.Qe5 Qf6 12.Bg5 Qxe5 13.Nxe5 Rc5 14.Nxd7 Rxg5 15.Rfd1 Ra5
16.a3 Nb4 17.Nxf8  1-0

[Event "URS-ch sf"]
[Site "Daugavpils"]
[Date "1978.??.??"]
[Round "?"]
[White "Yuferov, Sergey  N"]
[Black "Tseitlin, Mark D"]
[Result "1-0"]
[WhiteElo "2450"]
[BlackElo "2480"]

1.Nf3 Nf6 2.c4 c5 3.Nc3 d5 4.cxd5 Nxd5 5.d4 Nxc3 6.bxc3 g6 7.e3 Bg7 8.Bd3 O-O
9.O-O Qa5 10.Bb2 Nc6 11.Nd2 Qc7 12.Nb3 b6 13.Qe2 Rd8 14.Be4 Rb8 15.Rfd1 cxd4
16.cxd4 Nb4 17.Ba3 a5 18.Bxb4 axb4 19.Rac1 Qa7 20.Bc6 e6 21.Rc2 Bf8 22.Rdc1 Bd6
23.Qf3 Qe7 24.e4 e5 25.Bd5 Bd7 26.Qd3 Ba4 27.dxe5 Bxe5 28.g3 Bc3 29.Qf3 Rd7
30.Re2 Rbd8 31.Qd3 Ra7 32.Re3 Kg7 33.Nd4 Rc8 34.Rf3 Qe5 35.Nb5 Qg5 36.Rf1 Re7
37.Nxc3 Rxc3 38.Qd4+ Qe5 39.Rxf7+ Kh6 40.Qd2+ g5 41.Rf5 Qg7 42.h4 Rc2 43.hxg5+ Kg6
44.Qf4  1-0

[Event "URS-ch sf"]
[Site "Daugavpils"]
[Date "1978.??.??"]
[Round "?"]
[White "Godes, Dmitry R"]
[Black "Kim, V."]
[Result "0-1"]
[WhiteElo "2405"]
[BlackElo "2200"]

1.Nf3 Nf6 2.c4 c5 3.Nc3 d5 4.g3 Nc6 5.Bg2 d4 6.Na4 e5 7.d3 Nd7 8.O-O Be7
9.e3 O-O 10.exd4 cxd4 11.Re1 Qc7 12.Nd2 a6 13.b3 b5 14.Nb2 Bb7 15.a3 h6 16.b4 Rae8
17.Qb3 Nd8 18.Bd5 Bxd5 19.cxd5 Qc3 20.Qa2 Bg5 21.Rd1 Bxd2 22.Bxd2 Qc7 23.a4 Qd6
24.axb5 axb5 25.Rdc1 Kh8 26.Qa8 f5 27.Ra6 Qe7 28.Qa7 f4 29.Rc7 Rf7 30.Be1 Ref8
31.Rb6 h5 32.Rxb5 fxg3 33.hxg3 Qg5 34.Kf1 Qxg3 35.Rc2 Qh3+ 36.Ke2 Qg4+ 37.Kf1 Rf3
38.d6 Rg3  0-1

[Event "URS-ch sf"]
[Site "Daugavpils"]
[Date "1978.??.??"]
[Round "?"]
[White "Katalymov, Boris N"]
[Black "Gusev, Vladimir A"]
[Result "1/2-1/2"]
[WhiteElo "2200"]
[BlackElo "2410"]

1.c4 c5 2.Nf3 Nf6 3.Nc3 d5 4.cxd5 Nxd5 5.e4 Nb4 6.Bc4 Nd3+ 7.Ke2 Nf4+ 8.Kf1 Ne6
9.d3 Nc6 10.Be3 Ned4 11.Rc1 e6 12.h4 Nxf3 13.Qxf3 a6 14.Qe2 Nd4 15.Qd2 Be7
16.h5 b5 17.Bb3 Bb7 18.Ne2 Nxb3 19.axb3 Rc8 20.h6 g6 21.f3 e5 22.Qc3 Bd6
23.Qd2 O-O 24.Nc3 Qd7 25.Ke2 Qe6 26.Qc2 f5 27.Nd1 c4 28.bxc4 fxe4 29.dxe4 Rxc4
30.Nc3 Bc5 31.Bxc5 Rxc5 32.Qd2 Rc4 33.Rhd1 Bxe4 34.Qd7 Qxd7 35.Rxd7 Bc6 36.Rg7+ Kh8
37.Rd1 Rh4 38.Rc7 Ba8 39.Rcd7 Bc6 40.Rc7 Ba8 41.Rf7 Rg8 42.Ra7 e4 43.fxe4 Rxh6
44.Rxa6 Rh2 45.Rda1 Rxg2+ 46.Kf1 Bxe4 47.Nxe4 Rxb2 48.Ra7 Rf8+ 49.Kg1 Kg8
50.Nc5 Rf7 51.Ra8+ Kg7 52.Re1 Rf5 53.Ra7+  1/2-1/2

[Event "URS-ch sf"]
[Site "Daugavpils"]
[Date "1978.??.??"]
[Round "?"]
[White "Rytov, Boris"]
[Black "Averkin, Orest N"]
[Result "1-0"]
[WhiteElo "2200"]
[BlackElo "2455"]

1.Nf3 Nf6 2.c4 c5 3.Nc3 b6 4.d4 cxd4 5.Nxd4 Bb7 6.Bg5 a6 7.Bxf6 gxf6 8.e4 e6
9.Be2 Nc6 10.O-O Bc5 11.Nxc6 Bxc6 12.Qd3 Qb8 13.Rad1 b5 14.Bf3 b4 15.Ne2 Qe5
16.Rd2 a5 17.Rfd1 Ra7 18.g3 h5 19.h4 a4 20.Kg2 a3 21.b3 Ra5 22.Nf4 Be7 23.Qe2 Kf8
24.Nd3 Qb8 25.Qe3 Qb7 26.Qf4 f5 27.e5 Be4 28.Ne1 Bc6 29.Rxd7 Qxd7 30.Rxd7 Bxd7
31.Qd4 Be8 32.Nd3 Ra6 33.c5 Kg7 34.Nxb4 Ra5 35.c6 Rb5 36.Nd3 Rb8 37.Qa7 Rd8
38.Qxe7 Rxd3 39.c7 Bb5 40.Qg5+ Kh7 41.Qxh5+ Kg7 42.Qg5+ Kh7  1-0

[Event "URS-ch sf"]
[Site "Daugavpils"]
[Date "1978.??.??"]
[Round "?"]
[White "Yuferov, Sergey  N"]
[Black "Lukin, Andrei M"]
[Result "1/2-1/2"]
[WhiteElo "2450"]
[BlackElo "2460"]

1.Nf3 Nf6 2.c4 c5 3.Nc3 e6 4.g3 d5 5.cxd5 Nxd5 6.Bg2 Nc6 7.O-O Be7 8.d4 O-O
9.e4 Nxc3 10.bxc3 b6 11.d5 Na5 12.Bf4 exd5 13.exd5 Bd6 14.Bxd6 Qxd6 15.Re1 Bb7
16.Nd2 Qd7 17.c4 Rae8 18.Qc2 Bc8 19.Ne4 h6 20.Nd2 Nb7 21.Nf3 Rxe1+ 22.Rxe1 Re8
23.Ne5 Qf5 24.Qc3 Nd6 25.Nc6 Rxe1+ 26.Qxe1 Qd7 27.Qc1 Ba6 28.Bf1 Bb7 29.Bg2 Ba6
30.Bf1  1/2-1/2

[Event "URS-ch sf"]
[Site "Daugavpils"]
[Date "1978.??.??"]
[Round "?"]
[White "Eingorn, Vereslav S"]
[Black "Gedevanishvili, Dmitry"]
[Result "1/2-1/2"]
[WhiteElo "2270"]
[BlackElo "2200"]

1.Nf3 Nf6 2.c4 c5 3.Nc3 e6 4.g3 b6 5.Bg2 Bb7 6.O-O Be7 7.d4 cxd4 8.Qxd4 d6
9.b3 O-O 10.Bb2 a6 11.Rfd1 Ra7 12.Qe3 Nbd7 13.Nd4 Bxg2 14.Kxg2 Rc7 15.Kg1 Re8
16.Rac1 Bf8 17.Ne4 Nxe4 18.Qxe4 Qg5 19.Nf3 Qa5 20.Qb1 Rec8 21.Bc3 Qh5 22.Bd2 Nf6
23.Qd3 h6 24.Kg2 Rd7 25.h3 Qc5 26.Bc3 Be7 27.Nd2 Qc7 28.Qf3 Qd8 29.Ne4 Ne8
30.Bb2 b5 31.cxb5 axb5 32.Rxc8 Qxc8 33.Rc1 Qb8 34.a3 Rd8 35.Qd3 Qb6 36.e3 d5
37.Nd2 Ra8 38.Nf3 Qb7 39.b4 Nd6 40.Rc2 Nc4 41.Kg1 Qa6 42.Bc1 Qb7 43.Nd2 Rd8
44.Bb2 Qa8 45.Bc1 Bf6 46.e4 Qa4 47.Nf3 dxe4 48.Qxe4 Nxa3 49.Bxa3 Qxa3 50.Rc7 Qd3
51.Qb7 Qe2 52.Rc8 Rxc8 53.Qxc8+ Kh7 54.Qb7 Kg8 55.Qc8+ Kh7 56.Qb7 Qd3 57.Kg2 Kg6
58.g4 e5 59.Qc8 Kh7 60.h4 g5 61.hxg5 hxg5 62.Qc6 Kg7 63.Nh2 e4 64.Qc5 Qe2
65.Nf1 Qxg4+ 66.Ng3 Qf3+ 67.Kg1 Kg6 68.Qd5 Qg4 69.Kg2 e3 70.fxe3 Be7 71.Qxb5 Bxb4
72.Qc6+ Kg7 73.Qf3 Qxf3+ 74.Kxf3  1/2-1/2

[Event "URS-ch sf"]
[Site "Daugavpils"]
[Date "1978.??.??"]
[Round "?"]
[White "Kataev, V."]
[Black "Fokin, Sergey"]
[Result "0-1"]
[WhiteElo "2200"]
[BlackElo "2200"]

1.Nf3 Nf6 2.c4 e6 3.Nc3 c5 4.g3 b6 5.Bg2 Bb7 6.O-O Be7 7.b3 O-O 8.Bb2 d6
9.Qc2 Nbd7 10.Rad1 Rc8 11.Qb1 h6 12.d4 cxd4 13.Rxd4 a6 14.Rfd1 Qc7 15.Ne1 Rfd8
16.Bxb7 Qxb7 17.Ng2 Ne8 18.R4d2 b5 19.cxb5 axb5 20.Nf4 Bg5 21.Ne4 Be7 22.Nc3 d5
23.e3 Ne5 24.Re2 Bf6 25.e4 d4 26.Nh5 dxc3 27.Nxf6+ Nxf6 28.Rxd8+ Rxd8 29.Bxc3 Ng6
30.h4 e5  0-1

[Event "URS-ch sf"]
[Site "Daugavpils"]
[Date "1978.??.??"]
[Round "?"]
[White "Gavrikov, Viktor"]
[Black "Yurtaev, Leonid"]
[Result "1-0"]
[WhiteElo "2200"]
[BlackElo "2200"]

1.Nf3 Nf6 2.c4 c5 3.Nc3 e6 4.g3 Nc6 5.Bg2 Be7 6.O-O O-O 7.d4 d5 8.cxd5 Nxd5
9.e4 Ndb4 10.a3 cxd4 11.axb4 dxc3 12.bxc3 Qc7 13.Be3 b6 14.Nd2 e5 15.f4 Bb7
16.f5 Rfd8 17.Qe2 a5 18.Qf2 axb4 19.Bxb6 Qd7 20.Bxd8 Rxd8 21.Nb1 Qd3 22.f6 gxf6
23.cxb4 Nd4 24.Ra3 Qc4 25.Ra2 Ba6 26.Nc3 Bxb4 27.Nd5 Ne2+ 28.Rxe2 Rxd5 29.Rc2  1-0

[Event "URS-ch sf"]
[Site "Daugavpils"]
[Date "1978.??.??"]
[Round "?"]
[White "Bronstein, David I"]
[Black "Lerner, Konstantin Z"]
[Result "1/2-1/2"]
[WhiteElo "2570"]
[BlackElo "2445"]

1.Nf3 Nf6 2.c4 c5 3.Nc3 e6 4.g3 d5 5.cxd5 Nxd5 6.Bg2 Nc6 7.O-O Be7 8.d4 O-O
9.e4 Nxc3 10.bxc3 cxd4 11.cxd4 b6 12.a3 Ba6 13.Re1 Bf6 14.Be3 Na5 15.Bf1 Bxf1
16.Rxf1 Rc8 17.Qd3 Qd7 18.Rad1 Qa4 19.Qa6 Rc7 20.Rc1 Rd7 21.Rc3 h6 22.Rfc1 Rfd8
23.Kg2 e5 24.dxe5 Be7 25.Rc4 Qxa3 26.Rc7 Rd3 27.Qxa7 Rxe3 28.fxe3 Bc5 29.R7xc5 bxc5
30.Qxc5 Qa4 31.Nd4 Re8 32.Qd5 Qb4 33.Rc7 Qd2+ 34.Kf1 Rf8 35.Nf5 Qxh2 36.e6 Qh1+
37.Kf2 Qh2+ 38.Kf3 Qh5+ 39.Kf4 Qg5+ 40.Kf3 Qh5+ 41.Kf2 Qh2+ 42.Ke1 Rb8 43.exf7+ Kh8
44.Qb5 Qg1+ 45.Ke2 Qg2+ 46.Ke1 Qg1+ 47.Ke2 Qg2+ 48.Ke1 Qg1+  1/2-1/2

[Event "Esbjerg"]
[Site "Esbjerg"]
[Date "1978.??.??"]
[Round "6"]
[White "Ogaard, Leif"]
[Black "Forintos, Gyozo V"]
[Result "1-0"]
[WhiteElo "2435"]
[BlackElo "2435"]

1.c4 c5 2.Nf3 Nf6 3.Nc3 d5 4.cxd5 Nxd5 5.e3 e6 6.d4 Nc6 7.Bd3 Be7 8.O-O Nf6
9.dxc5 Bxc5 10.a3 a6 11.b4 Bd6 12.Ne4 Nxe4 13.Bxe4 Qc7 14.Bb2 O-O 15.Rc1 h6
16.Qc2 Bd7 17.Qc3 f6 18.Bb1 Rad8 19.Qc2 f5 20.e4 Kh7 21.exf5 exf5 22.Qc4 Bf4
23.Rce1 Rde8 24.g3 Bd6 25.Rxe8 Bxe8 26.Re1 Bd7 27.Qg4 Bc8 28.Ng5+ Kg8 29.Ba2+ Kh8
30.Qh5 Be5 31.Qg6  1-0

[Event "Wch U20"]
[Site "Graz"]
[Date "1978.??.??"]
[Round "1"]
[White "Petursson, Margeir"]
[Black "Franzoni, Giancarlo"]
[Result "1/2-1/2"]
[WhiteElo "2350"]
[BlackElo "2200"]

1.c4 Nf6 2.Nf3 c5 3.Nc3 d5 4.cxd5 Nxd5 5.e4 Nb4 6.Bc4 Be6 7.Bxe6 Nd3+ 8.Kf1 fxe6
9.Ng5 Qd7 10.Qf3 Ne5 11.Qh3 Qd3+ 12.Qxd3 Nxd3 13.Nxe6 Kd7 14.Ng5 e5 15.Nf7 Rg8
16.Ke2 c4 17.b3 Be7 18.bxc4 Nxc1+ 19.Raxc1 Ke6 20.Nxe5 Kxe5 21.f4+ Kd4 22.d3 Nc6
23.Nb5+ Kc5 24.Ke3 Rad8 25.Rhd1 Nd4 26.Nxd4 Rxd4 27.Rb1 Rd7 28.d4+ Kc6 29.e5 Kc7
30.Ke4 Rc8 31.f5 b6 32.Rb3 Kd8 33.Rc1 Rdc7 34.Rh3 h6 35.Kd3 Ke8 36.Rg3 Bg5
37.Rc2 Rd8 38.Rg4 Kf8 39.d5 Re8 40.h4 Bd8 41.Kd4 Be7 42.d6 Rd8 43.Kc3 Bxd6
44.exd6 Rxd6 45.Rd2 Rxd2 46.Kxd2 Rc5 47.Rf4 Ra5  1/2-1/2

[Event "Wch U20"]
[Site "Graz"]
[Date "1978.??.??"]
[Round "3"]
[White "Ortega, Lexy"]
[Black "Khakpoor, Abbas"]
[Result "1-0"]
[WhiteElo "2315"]
[BlackElo "2200"]

1.c4 Nf6 2.Nc3 c5 3.Nf3 g6 4.d4 cxd4 5.Nxd4 Bg7 6.e4 d6 7.Be2 O-O 8.O-O Nc6
9.Be3 Bd7 10.Rc1 Rc8 11.f3 a6 12.Qd2 Re8 13.Rfd1 Ne5 14.Nd5 Nxd5 15.cxd5 Rxc1
16.Rxc1 Qb8 17.f4 Ng4 18.Bxg4 Bxg4 19.f5 gxf5 20.exf5 Bxd4 21.Bxd4 Bxf5 22.h4 f6
23.Qf4 Bg6 24.Qg4 Kh8 25.h5 Bf7 26.Qf5 Qd8 27.Rc3 Rg8 28.Re3 Kg7 29.Rc3 h6
30.b4 Qe8 31.Rc7 Qa4 32.Bxf6+ exf6 33.Qg6+  1-0

[Event "Wch U20"]
[Site "Graz"]
[Date "1978.??.??"]
[Round "3"]
[White "Baptista, Paulo"]
[Black "Rohland, Michael K"]
[Result "1-0"]
[WhiteElo "2200"]
[BlackElo "2200"]

1.c4 Nf6 2.Nc3 e6 3.Nf3 c5 4.e4 Nc6 5.d4 cxd4 6.Nxd4 Bb4 7.Nxc6 dxc6 8.Qxd8+ Kxd8
9.Bd2 e5 10.O-O-O Bd7 11.f3 a5 12.a3 Bc5 13.Na4 b6 14.Nxc5 bxc5 15.Be3 Nh5
16.Bxc5 Nf4 17.Be3 Ne6 18.c5 Ke7 19.Bc4 Rhb8 20.g3 a4 21.f4 exf4 22.gxf4 Ra5
23.f5 Nd8 24.Bf4 Rb7 25.Bd6+ Kf6 26.Rhf1 Rba7 27.Rde1 Nb7 28.e5+ Kg5 29.Be7+ f6
30.exf6 gxf6 31.h4+ Kg4 32.Be2+ Kg3 33.Kd2 Nxc5 34.Bd6+ Kxh4 35.Rf4+ Kh3
36.Bg4+ Kh4 37.Rh1+ Kg3 38.Rh3+ Kg2 39.Ke2 Ne4 40.Rxe4 Bxf5 41.Rh2+ Kg1 42.Bxf5  1-0

[Event "Wch U20"]
[Site "Graz"]
[Date "1978.??.??"]
[Round "5"]
[White "Baptista, Paulo"]
[Black "Khakpoor, Abbas"]
[Result "0-1"]
[WhiteElo "2200"]
[BlackElo "2200"]

1.c4 Nf6 2.Nc3 c5 3.Nf3 d5 4.cxd5 Nxd5 5.g3 g6 6.Bg2 Bg7 7.O-O Nc7 8.d3 Nc6
9.Ng5 Bd7 10.Nge4 b6 11.Bg5 f6 12.Bf4 O-O 13.Qb3+ Kh8 14.Qc2 f5 15.Ng5 e5
16.Bd2 Nd4 17.Qd1 Bc6 18.a3 Bxg2 19.Kxg2 f4 20.Nce4 h6 21.Nf3 Nxf3 22.Kxf3 Ne6
23.Kg2 f3+ 24.exf3 Nd4 25.f4 Nf5 26.Qe2 exf4 27.Bxf4 Qd7 28.f3 Qd4 29.Rab1 g5
30.Bc1 Rad8 31.Rd1 c4 32.Nf2 Rde8 33.Qc2 Qd5 34.Ne4 Qf7 35.Rf1 g4 36.Bf4 gxf3+
37.Kh1 Qd5 38.Rbd1 cxd3 39.Rxd3 Qxe4 40.Qd2 f2+  0-1

[Event "Wch U20"]
[Site "Graz"]
[Date "1978.??.??"]
[Round "5"]
[White "Morrison, Graham"]
[Black "Mateu, Xavier"]
[Result "1/2-1/2"]
[WhiteElo "2200"]
[BlackElo "2200"]

1.c4 c5 2.Nf3 Nf6 3.Nc3 g6 4.d4 cxd4 5.Nxd4 Nc6 6.g3 Bg7 7.Bg2 O-O 8.O-O d6
9.Nc2 Be6 10.b3 Qd7 11.Bb2 Bh3 12.Ne3 Bxg2 13.Kxg2 Rac8 14.Qd2 Nb4 15.Rad1 Rfd8
16.Ba1 b6  1/2-1/2

[Event "Wch U20"]
[Site "Graz"]
[Date "1978.??.??"]
[Round "6"]
[White "Ortega, Lexy"]
[Black "Petursson, Margeir"]
[Result "0-1"]
[WhiteElo "2315"]
[BlackElo "2350"]

1.c4 c5 2.Nf3 Nf6 3.Nc3 e6 4.g3 Nc6 5.Bg2 d5 6.cxd5 Nxd5 7.O-O Be7 8.d4 O-O
9.Nxd5 exd5 10.dxc5 Bxc5 11.Bg5 Qb6 12.Rc1 d4 13.Ne1 Be6 14.Nd3 Bd6 15.Qa4 Rac8
16.Bf4 Bxf4 17.Nxf4 Qxb2 18.Nxe6 fxe6 19.Rb1 Qxe2 20.Rxb7 Nd8 21.Rxa7 d3
22.Qa6 Nf7 23.Rd7 Ne5 24.Qxe6+ Kh8 25.Re7 Rc1 26.Rf7 Nf3+ 27.Rxf3 Rxf1+ 28.Bxf1 Qxf3
29.Qe1 Rd8 30.Qd2 Qc6 31.h4 Qc2 32.Qg5 Rf8 33.Qe3 d2  0-1

[Event "Wch U20"]
[Site "Graz"]
[Date "1978.??.??"]
[Round "7"]
[White "Morrison, Graham"]
[Black "Ristic, Nenad"]
[Result "1/2-1/2"]
[WhiteElo "2200"]
[BlackElo "2200"]

1.Nf3 c5 2.c4 Nf6 3.Nc3 b6 4.g3 Bb7 5.Bg2 e6 6.O-O Be7 7.d4 cxd4 8.Qxd4 d6
9.b3 O-O 10.Rd1 Nbd7 11.Qe3 a6 12.Nd4 Bxg2 13.Kxg2 Rc8 14.Ba3 Re8 15.Rac1 Qc7
16.h3 Bf8 17.Kg1 Qb8 18.Qf3 Rc7 19.Bb2 Ne5 20.Qg2 Rec8 21.e4 Qb7 22.Kh1 Be7
23.Kh2 h6 24.f4 Nc6 25.Nxc6 Rxc6 26.Qe2 Rb8 27.e5 Ne8 28.Ne4 b5 29.cxb5 axb5
30.Rxc6 Qxc6 31.exd6 Nxd6 32.Nxd6 Bxd6 33.Rxd6 Qxd6 34.Be5 Qb6 35.Bxb8 Qxb8
36.a4 bxa4 37.bxa4 Qb4 38.Qa2 Qa5  1/2-1/2

[Event "Wch U20"]
[Site "Graz"]
[Date "1978.??.??"]
[Round "8"]
[White "Sisniega, Marcel"]
[Black "Khakpoor, Abbas"]
[Result "1-0"]
[WhiteElo "2455"]
[BlackElo "2200"]

1.c4 Nf6 2.Nc3 c5 3.Nf3 d5 4.cxd5 Nxd5 5.g3 g6 6.Qb3 e6 7.d4 Bg7 8.Nxd5 exd5
9.Qb5+ Nd7 10.dxc5 O-O 11.Bg2 a6 12.Qb4 Qe7 13.Bf4 Nxc5 14.O-O a5 15.Qd2 Be6
16.Be5 f6 17.Bd4 b6 18.Rac1 Rfe8 19.Qe3 Rac8 20.Qa3 Bf8 21.b3 Bf5 22.Nh4 Be6
23.Qb2 Bg7 24.Rc3 g5 25.Nf3 b5 26.Rfc1 Ne4 27.Rxc8 Rxc8 28.Rxc8+ Bxc8 29.Qc2 Qd7
30.Ne1 f5 31.Bxg7 Kxg7 32.Bxe4 fxe4 33.Qd2 Qd8 34.Nc2 Kg6 35.Nd4 b4 36.Nc6 Qd6
37.Qc2 Bd7 38.Nd4 Qb6 39.e3 g4 40.Ne2 Kf5 41.Qb2 Qf6 42.Qc1 Qb6 43.Kg2 Qd6
44.Qa1 Qe5 45.Nd4+ Kg6 46.a3 Qd6 47.axb4 Qxb4 48.Ne2 Qxb3 49.Qxa5 Qb5 50.Nf4+ Kf7
51.Qa1 Bc8 52.Qh8 Ba6 53.Qxh7+ Ke8 54.Qg8+ Ke7 55.Qe6+ Kf8 56.Qd6+ Ke8 57.Qe5+ Kf8
58.Qa1 Qc4 59.Nxd5 Qxd5 60.Qxa6 Kg7 61.Qc8 Qd1 62.Qf5 Kh6 63.Qxe4 Qe2 64.Qf4+ Kh5
65.Qf5+ Kh6 66.h3  1-0

[Event "Wch U20"]
[Site "Graz"]
[Date "1978.??.??"]
[Round "9"]
[White "Ortega, Lexy"]
[Black "Karolyi, Tibor Jr"]
[Result "1/2-1/2"]
[WhiteElo "2315"]
[BlackElo "2200"]

1.c4 Nf6 2.Nc3 c5 3.Nf3 d5 4.cxd5 Nxd5 5.e3 e6 6.d4 cxd4 7.exd4 Bb4 8.Qc2 Nd7
9.Bd3 N7f6 10.O-O O-O 11.Bg5 h6 12.Nxd5 Qxd5 13.Bxf6 gxf6 14.Qc1 Qh5 15.Qf4 Be7
16.Rac1 f5 17.Qg3+ Kh7 18.Ne5 Bd6 19.f4 b6 20.Qe3 Qh4 21.Be2 Bb7 22.Bf3 Qe7
23.Rc2 Rac8 24.Rfc1 Rxc2 25.Rxc2 Bxe5 26.Qxe5 Rd8 27.Bxb7 Qxb7 28.h3 Qd5
29.Rc7 Rd7  1/2-1/2

[Event "Wch U20"]
[Site "Graz"]
[Date "1978.??.??"]
[Round "12"]
[White "Sisniega, Marcel"]
[Black "Ristic, Nenad"]
[Result "1-0"]
[WhiteElo "2455"]
[BlackElo "2200"]

1.c4 c5 2.Nc3 b6 3.Nf3 Nf6 4.e4 d6 5.d4 cxd4 6.Nxd4 e6 7.Bd3 Be7 8.O-O O-O
9.Kh1 Bb7 10.f4 Nbd7 11.Bc2 a6 12.b3 Qc7 13.Bb2 Nc5 14.Qe2 Rad8 15.Rae1 e5
16.Nf5 Rfe8 17.Nd5 Nxd5 18.exd5 f6 19.fxe5 fxe5 20.Nxg7 Bf8 21.Nxe8 Rxe8
22.b4 Nd7 23.Bxh7+ Kxh7 24.Qh5+  1-0